<?xml version="1.0" encoding="UTF-8"?><?xml-stylesheet type="text/xsl" href="static/style.xsl"?><OAI-PMH xmlns="http://www.openarchives.org/OAI/2.0/" xmlns:xsi="http://www.w3.org/2001/XMLSchema-instance" xsi:schemaLocation="http://www.openarchives.org/OAI/2.0/ http://www.openarchives.org/OAI/2.0/OAI-PMH.xsd"><responseDate>2026-06-01T02:17:07Z</responseDate><request verb="GetRecord" identifier="oai:riuma.uma.es:10630/18637" metadataPrefix="marc">https://riuma.uma.es/rest/oai/request</request><GetRecord><record><header><identifier>oai:riuma.uma.es:10630/18637</identifier><datestamp>2026-02-03T10:54:16Z</datestamp><setSpec>com_10630_2254</setSpec><setSpec>col_10630_37953</setSpec></header><metadata><record xmlns="http://www.loc.gov/MARC21/slim" xmlns:dcterms="http://purl.org/dc/terms/" xmlns:doc="http://www.lyncode.com/xoai" xmlns:xsi="http://www.w3.org/2001/XMLSchema-instance" xsi:schemaLocation="http://www.loc.gov/MARC21/slim http://www.loc.gov/standards/marcxml/schema/MARC21slim.xsd">
   <leader>00925njm 22002777a 4500</leader>
   <datafield ind2=" " ind1=" " tag="042">
      <subfield code="a">dc</subfield>
   </datafield>
   <datafield ind2=" " ind1=" " tag="720">
      <subfield code="a">Castro-Higueras, Antonio</subfield>
      <subfield code="e">author</subfield>
   </datafield>
   <datafield ind2=" " ind1=" " tag="720">
      <subfield code="a">Pérez-Rufi, José Patricio</subfield>
      <subfield code="e">author</subfield>
   </datafield>
   <datafield ind2=" " ind1=" " tag="260">
      <subfield code="c">2019-10-24</subfield>
   </datafield>
   <datafield ind2=" " ind1=" " tag="520">
      <subfield code="a">El Monitor de las ciudades culturales y creativas, creado en 2017 por la Comisión Europea tiene por objetivo ayudar a los responsables de políticas nacionales, regionales y municipales a identificar fortalezas y oportunidades locales, a partir de la comparación entre ciudades mediante datos cuantitativos y cualitativos.&#xd;
Esta herramienta, que aglutina en su primera edición a 168 ciudades de 30 países europeos (UE-28 más Suiza y Noruega), está estructurada en tres dominios o subíndices: (1) vitalidad cultural, (2) economía creativa y (3) entorno habilitante, que incluyen 9 dimensiones y 29 indicadores.&#xd;
Determinar las influencias de otros índices de creatividad que le han precedido, y por tanto, la base conceptual en la que se sustenta, son los objetivos del presente estudio. Para ello realizaremos una revisión y análisis comparativo de los distintos índices de creatividad, analizaremos la estructura del monitor y, por último, destacaremos sus funcionalidades en cuanto a herramienta de evaluación de la cultura y la creatividad de las ciudades europeas.</subfield>
   </datafield>
   <datafield ind1="8" ind2=" " tag="024">
      <subfield code="a">https://hdl.handle.net/10630/18637</subfield>
   </datafield>
   <datafield tag="653" ind2=" " ind1=" ">
      <subfield code="a">Creatividad - Evaluación - Unión Europea</subfield>
   </datafield>
   <datafield tag="653" ind2=" " ind1=" ">
      <subfield code="a">Unión Europea - Cultura - Evaluación</subfield>
   </datafield>
   <datafield tag="653" ind2=" " ind1=" ">
      <subfield code="a">Ciudades - Evaluación - Unión Europea</subfield>
   </datafield>
   <datafield ind2="0" ind1="0" tag="245">
      <subfield code="a">El monitor europeo de las ciudades culturales y creativas: Influencias.</subfield>
   </datafield>
</record>
</metadata></record></GetRecord></OAI-PMH>